000 00399nam a2200157Ia 4500
008 240729s9999 xx 000 0 und d
022 _a1687-4765
245 0 _aPPAR Research
260 _aUnited Kingdom
260 _bHindawi Limited
650 _a Biology (General)
650 _aScience
856 _uhttps://doaj.org/toc/479bcf770e2a4b1d8761185aa3af377d
942 _2ddc
942 _cDOAJEJ
999 _c71505
_d71505
945 _a1
_bMadushi Gamage
_c1
_dMadushi Gamage